000 00218 a2200109 4500
020 _a9781496720214
041 _aeng
100 _aElliott, Lauren
245 _aMurder in the first edition
942 _cBK
952 _71
999 _c23384
_d23384